000 00362cam a22001337a 4500
008 180718b1959 xxu||||| |||| 00| 0 eng d
082 _aF1 G898
100 _aGronlund, Norman E.
245 _aSociometry in the classroom
_cby Norman E. Gronlund
260 _aNew York
_bHarper
_c1959
300 _a340p.
650 _aEducational sociology
650 _aSociometry
999 _c479523
_d479523